| 000 | 01120cam a2200229 4500 | ||
|---|---|---|---|
| 001 | WB@3612-851 | ||
| 008 | 040727n2004 000 0 eng u | ||
| 035 | _a(Sirsi) u126947 | ||
| 245 | _aTraffic management bill | ||
| 260 | _c2004 | ||
| 490 |
_aDfT News Release _v(2004/0099) 23 July 2004 (3) |
||
| 520 | _aThe Traffic Management Bill has now come into force. It will create new measures to tackle congestion caused by incidents on motorways and badly managed work by utility companies and local authorities. A new duty will be placed on every local traffic authority to keep traffic moving on their roads and to work with neighbouring authorities for the benefit of the road network as a whole. Copies of the Act can be found at: http://www.publications.parliament.uk/pa/ld200304/ ldbills/047/2004047.htm. http://www.dft.gov.uk/pns/DisplayPN.cgi?pn_id=2004 _0099 | ||
| 590 | _aWB | ||
| 590 | _aWB | ||
| 650 | _aCONGESTION | ||
| 650 | _aTRAFFIC MANAGEMENT BILL | ||
| 650 | _aROAD MANAGEMENT | ||
| 650 | _aTRAFFIC MANAGEMENT | ||
| 650 | _aROADS | ||
| 690 | _aTRANSPORT AND COMMUNICATIONS | ||
| 942 | _n0 | ||
| 999 |
_c117776 _d117776 |
||